000 00588cam a22001935a 4500
001 L156131
008 120501s1871 xxk f 000 0 eng d
035 _a(Sirsi) u156131
041 0 _aeng
100 1 _aCox, Homersham
_d1821-1897
245 0 4 _aThe law and science of ancient lights
250 _a2nd ed.
_bgreatly augmented and almost entirely re-written
260 _aLondon
_bH. Sweet
_c1871
300 _ax, 136 p.
_bill.
_c22 cm.
583 _aCondition reviewed
_c20120620
_lcondition level 1
651 4 _aGreat Britain
_y1707-
690 _aRights of light
_96267
942 _n0
999 _c114048
_d114048